Poema a la duración = Gedicht and Die Dauer /

Uloženo v:
Podrobná bibliografie
Hlavní autor: Handke, Peter (autor)
Další autoři: Barjau, Eustaquio (traducción) (traducción)
Médium: Kniha
Jazyk:španělština
Vydáno: México : Lumen, 2019, c2019
Edice:(Poesía Lumen ; 71)
Témata:
Tagy: Přidat tag
Žádné tagy, Buďte první, kdo vytvoří štítek k tomuto záznamu!

MARC

LEADER 00000nam^a2200000^a^4500
001 000432358
005 20250521000000.0
009 20260310123013.311
020 |a 978-607-318-965-1 
037 |a Acervo ITESO - Biblioteca 
041 |a ESP 
082 |a 831.  |b HAN 
100 |a Handke, Peter  |e (autor) 
245 1 0 |a Poema a la duración =  |b Gedicht and Die Dauer /  |c P. Handke ; pról. y tr. por E. Barjau. 
264 4 |a México :  |b Lumen,  |c 2019, c2019 
300 |a 78 p. 
336 |a texto  |b txt  |2 rdacontenido 
337 |a sin mediación  |b n  |2 rdamedio 
338 |a volumen  |b nc  |2 rdasoporte 
440 1 |a (Poesía Lumen ;  |v 71) 
500 |a Traducción de: Gedicht and Die Dauer 
545 0 |a Peter Handke (1942), poeta, dramaturgo, novelista, guionista y director de cine austriaco nacido en Grieffen. Estudió Derecho en la Universidad de Graz de 1961 a 1965, posteriormente residió por varios años en París y luego se estableció en Salzburgo. A su obra se la considera representativa del estilo de 'nueva subjetividad', el denominador común de su obra es la incomunicación, con un entorno frío, esquemático y la angustia de la soledad. Recibió el Premio Georg Büchner en 1973. Obra: en teatro Insulto al público (1966), un controvertido drama de anti-teatro en la que cuatro actores discuten con el público; Kaspar (1967); El pupilo quiere ser tutor (1969); Cabalgata sobre el Lago de Constanza (1971) y El juego de las preguntas; las novelas Los avispones (1966); El miedo del portero ante el penalty (1970), llevada al cine en 1972 con la dirección de Wim Wenders y guión del autor; Carta breve para un largo adiós (1972); La mujer zurda (1976), adaptada al cine y dirigida por el propio Handke en 1977; El chino del dolor (1983); La repetición (1986); El momento de la sensación verdadera y Lucie en el bosque con estas cosas de ahí (1999); y el ensayo La tarde de un escritor (1993). Además colaboró en la película Cielo sobre Berlín (1987). 
546 |a Edición bilingüe español-alemán 
586 |a Premio Nobel de Literatura 2019 
649 |a XXl 
650 |a Poesía Austríaca 
650 |a Filosofía y Literatura 
650 |a Literatura en Alemán -  |z Austria 
650 |a Literatura Austríaca -  |y Siglo XX 
650 |a Tiempo en la Literatura 
650 |a Tiempo -  |x Tema Principal 
700 |a Barjau, Eustaquio  |e (traducción) 
740 0 |a Gedicht and Die Dauer /  |c P. Handke. 
910 |a Fondo General 
920 |a Impresos - Libros 
930 |a Colección General 
940 |a Literatura 
905 |a 101 
901 |a 0500353404  |b IT1  |c LIT  |i C175170  |u 20250521 
902 |a https://opac.biblio.iteso.mx/vufind/Record/000432358